书目信息 |
| 题名: |
杭州城事绘
|
|
| 作者: | 马达 著 | |
| 分册: | ||
| 出版信息: | 青岛 青岛出版社 2017 |
|
| 页数: | 201页 | |
| 开本: | 24cm | |
| 丛书名: | 手绘中国 | |
| 单 册: | ||
| 中图分类: | K295.51 | |
| 科图分类: | ||
| 主题词: | ||
| 电子资源: | ||
| ISBN: | 978-7-5552-5159-0 | |
| 000 | 01134oam2 2200265 450 | |
| 001 | 012001001929 | |
| 005 | 20140921103355.0 | |
| 010 | @a978-7-5552-5159-0@dCNY36.00 | |
| 100 | @a20170427d2017 em y0chiy50 ea | |
| 101 | 0 | @achi |
| 102 | @aCN@b370000 | |
| 105 | @aa z 000yy | |
| 106 | @ar | |
| 200 | 1 | @a杭州城事绘@9hang zhou cheng shi hui@f马达著 |
| 210 | @a青岛@c青岛出版社@d2017 | |
| 215 | @a201页@c彩图@d24cm | |
| 225 | 2 | @a手绘中国 |
| 314 | @a马达,八O后,痴迷于文化产业,热心于社会工作。 | |
| 330 | @a本书为你呈现出一个不一样的天地。最详尽,特色景点资讯,周边景点的介绍,便宜又极具特色的各种客栈,食客力推的美食聚集地,让你将所有的信息一网打尽!最实用,山水一日游、休闲两日游、浪漫三日游详实的旅游线路让您不虚此行。各个景点准确地交通信息,实用的门票信息,让他们在外的你都能一手掌握。最贴心一目了然就能看到的客栈、美食店、餐厅、酒吧等标志清晰明了。天气变化、各种风俗、温差、各种装备、衣服的增减、注意事项都为您考虑到了,免除你一切后顾之忧。 | |
| 461 | 0 | @12001 @a手绘中国 |
| 607 | @a杭州@x概况 | |
| 690 | @aK295.51@v5 | |
| 701 | 0 | @a马达@9ma da@4著 |
| 801 | 0 | @aCN@b上海新华@c20180901 |
| 905 | @b1044712-6@dK295.51@e382@f5 | |
| 杭州城事绘/马达著.-青岛:青岛出版社,2017 |
| 201页:彩图;24cm.-(手绘中国) |
| ISBN 978-7-5552-5159-0:CNY36.00 |
| 本书为你呈现出一个不一样的天地。最详尽,特色景点资讯,周边景点的介绍,便宜又极具特色的各种客栈,食客力推的美食聚集地,让你将所有的信息一网打尽!最实用,山水一日游、休闲两日游、浪漫三日游详实的旅游线路让您不虚此行。各个景点准确地交通信息,实用的门票信息,让他们在外的你都能一手掌握。最贴心一目了然就能看到的客栈、美食店、餐厅、酒吧等标志清晰明了。天气变化、各种风俗、温差、各种装备、衣服的增减、注意事项都为您考虑到了,免除你一切后顾之忧。 |
| ● |
| 相关链接 |
|
|
|
|
正题名:杭州城事绘
索取号:K295.51/382
 
预约/预借
| 序号 | 登录号 | 条形码 | 馆藏地/架位号 | 状态 | 备注 |
| 1 | 1044712 | 210447122 | 第二样本阅览室/ [索取号:K295.51/382] | 在馆 | |
| 2 | 1044713 | 210447131 | 第二借阅区/ [索取号:K295.51/382] | 在馆 | |
| 3 | 1044714 | 210447140 | 第二借阅区/ [索取号:K295.51/382] | 在馆 | |
| 4 | 1044715 | 210447159 | 第二借阅区/ [索取号:K295.51/382] | 在馆 | |
| 5 | 1044716 | 210447168 | 密集书库-史法系/ [索取号:K295.51/382] | 在馆 |